书目信息 |
| 题名: |
第三只眼
|
|
| 作者: | 张莉华 著 | |
| 分册: | ||
| 出版信息: | 杭州 浙江摄影出版社 2001 |
|
| 页数: | 255页 | |
| 开本: | 18cm | |
| 丛书名: | 中国摄影文化系列画册 | |
| 单 册: | ||
| 中图分类: | J405.2 | |
| 科图分类: | ||
| 主题词: | 摄影艺术--艺术理论 , 摄影--艺术家--访问记--中国 , 摄影--作品集--中国--现代 | |
| 电子资源: | ||
| ISBN: | 7-80536-856-2 | |
| 000 | 00708nam0 2200241 45 | |
| 001 | 0309290083 | |
| 005 | 20031219104119.0 | |
| 010 | @a7-80536-856-2@dCNY58.00 | |
| 100 | @a20030929d2001 km y0chiy0120 ea | |
| 101 | 0 | @achi |
| 105 | @aa z 000yy | |
| 200 | 1 | @a第三只眼@ADi San Zhi Yan@f张莉华著@FZhang Li Hua Zhu |
| 210 | @a杭州@c浙江摄影出版社@d2001 | |
| 215 | @a255页@c照片@d18cm | |
| 225 | @a中国摄影文化系列画册@i影人自述 | |
| 410 | @12001 @a中国摄影文化系列画册 | |
| 606 | 0 | @a摄影艺术@x艺术理论 |
| 606 | 0 | @a摄影@x艺术家@x访问记@y中国 |
| 606 | 0 | @a摄影@x作品集@y中国@z现代 |
| 690 | @aJ405.2@v4 | |
| 701 | 0 | @a张莉华@4著 |
| 801 | @aCN@bTSTC@c20030929 | |
| 905 | @b326361-365@dJ405.2@e159@f5 | |
| 第三只眼/张莉华著.-杭州:浙江摄影出版社,2001 |
| 255页:照片;18cm.-(中国摄影文化系列画册.影人自述) |
| ISBN 7-80536-856-2:CNY58.00 |
| ● |
| 相关链接 |
|
|
|
|
正题名:第三只眼
索取号:J405.2/159
 
预约/预借
| 序号 | 登录号 | 条形码 | 馆藏地/架位号 | 状态 | 备注 |
| 1 | 0326361 | 203263618 | 第一借阅区/ [索取号:J405.2/159] | 在馆 | |
| 2 | 0326362 | 203263627 | 第一借阅区/ [索取号:J405.2/159] | 在馆 | |
| 3 | 0326363 | 203263636 | 第一借阅区/ [索取号:J405.2/159] | 在馆 | |
| 4 | 0326364 | 203263645 | 第一借阅区/ [索取号:J405.2/159] | 在馆 | |
| 5 | 0326365 | 203263654 | 第一样本阅览室/ [索取号:J405.2/159] | 在馆 |